Words From A-L-R-E-A-D-Y #3 - Statistics

General Stats
  • This quiz has been taken 22 times
  • The average score is 12 of 22
Answer Stats
Starting Letter Ending Letter Word % Correct
R D read
100%
L D lead
83%
R L real
83%
D E dare
78%
Y R year
78%
L Y lady
72%
D Y day
67%
Y D yard
67%
R D red
61%
A A area
56%
E Y early
50%
D Y dearly
44%
L R layer
44%
D Y delay
39%
D E dye
33%
L D lard
33%
R E rye
33%
A R alder
28%
L Y leary
28%
L E lyre
28%
R Y relay
28%
R Y rely
22%
No matching quizzes found
Score Distribution
Percent of People with Each Score
Percentile by Number Answered
Your Score History
You have not taken this quiz